000 00667nam a22002297a 4500
005 20170124110115.0
010 _aA-684587
020 _c00.00
_a0385423241
035 _aA-684587
037 _bCen Lib/Ret
040 _aDPL
_bEN
082 _a899.3
_bMAH
100 _aMahfouz, Naguib
_921371
245 _aThe harafish /
_cby Naguib Mahfouz ; translated by Catherine Cobham
260 _aNew York
_bDoubleday
_c1994
270 _a1540 Broadway
_bNew York
300 _a466p.
_c24cm(Hb)
650 _aEgypt -- Fiction
_929898
650 _aDomestic fiction
_927433
700 _aCobham, Catherine
_929899
942 _2ddc
_cEN
_h899.3
_mMAH
999 _c130708
_d130708